| 000 | 00465nam a2200169Ia 4500 | ||
|---|---|---|---|
| 999 |
_c19422 _d19422 |
||
| 003 | OSt | ||
| 005 | 20201109122121.0 | ||
| 008 | 190216s9999||||xx |||||||||||||| ||und|| | ||
| 040 | _coclc | ||
| 082 |
_a954.0072 _bMAJ/H |
||
| 100 |
_aMajumdar, R K _93042 |
||
| 245 | 0 |
_aHistoriography / _cR K Majumdar |
|
| 260 |
_bDepartment Of History, _c1987. |
||
| 300 | _a429p | ||
| 650 | _aHistory | ||
| 942 |
_cBK _2ddc _h954.0072 _iMAJ/H _k954.0072 _mMAJ/H |
||